000 00498nam a2200169Ia 4500
003 GCL
008 140319s9999 xx 000 0 ara d
040 _aGCL /
_cGCL
082 0 4 _a818.03
_bم و
100 1 _aمحمد عنانى
245 1 0 _aواحات العمر: سيرة ادبية /
_cمحمد عنانى
300 _a235 ص
490 _aالهيئة العامة للاستعلامات
_v0
650 0 4 _aالتراجم الذاتية
650 0 4 _aمحمد عنانى
942 _2ddc
_cBK
999 _c52148
_d52148